| 000 | 00502nam a22001937a 4500 | ||
|---|---|---|---|
| 005 | 20260423132540.0 | ||
| 008 | 260423b |||||||| |||| 00| 0 eng d | ||
| 020 |
_a9780470520680 _c2702.70 |
||
| 040 | _aMAIN | ||
| 041 | _aEnglish | ||
| 082 |
_a658.83 _bHYM |
||
| 100 |
_aHyman, Michael R. _926706 |
||
| 245 | _aMarketing Research kit for Dummies | ||
| 260 |
_aCanada _bWiley _c2010 |
||
| 300 | _a392 | ||
| 650 |
_aCommerce ( PM USHA) _926705 |
||
| 700 |
_aSierra, Jeremy J. _926707 |
||
| 942 | _cBK | ||
| 999 |
_c60702 _d60702 |
||